000 00346 a2200157 4500
001 153466
020 _a8504007847
040 _cEscola São Tomás de Aquino
100 _aMACEDO, Joaquim Manuel
240 1 0 _aA moreninha
_lpor
245 1 0 _aA moreninha
300 _a144
362 0 _a2004
697 _aLITERATURA BRASILEIRA
942 _cBK
999 _c153466
_d153466